000 01290nam a2200349 c 4500
003 BLK
005 20240109155854.0
008 180410b bul|||||r ||||||| ||bul||
010 _aKNG00161077000
020 _a978-954-357-262-5
_bиздат.: ЕМАС
040 _aBLK
041 _aBUL
_cBUL
072 7 _2bullib
_aН83
_xЧужда художествена литература Н
080 _aНемска литература
_b821.112.2
_x-31
_z821.112.2-31
100 1 _aИмхоф, Агнес
_9332454
700 1 _aПенева, Ваня
_eпрев. от нем.
_9363385
139 _aИмхоф, Агнес
_bИ 60
245 1 0 _aАриб, повелителката на халифи
_bРоман
_cАгнес Имхоф; прев. от нем. Ваня Пенева.
257 _aDEU
260 София
_bЕМАС
_c2013
300 _a400 с.
_c22 см
380 _aX
500 _aОриг. загл. Die Konigin der Seidenstrabe / Agnes Imhof. - Съдържа и за авт.
653 _aромани
659 _aН
852 _aЦб 268922
856 4 _qpdf
_u
856 4 _qpdf
_u
942 _cKNG
_n0
_028
944 _aCR
_c22.05.2014
_lЦветелина Шанова
_k30531
944 _aED
_c19.09.2016
_lф /
_kПенка_Димитрова
999 _c154453
_d154453